000 01447nam a2200265Ia 4500
999 _c56140
_d56140
001 23241
003 GE_BSU
005 20251112200152.0
008 181216s1975||||ge |||||||||||||| ||geo||
040 _cGE_BSU
041 _ageo
080 _a32.001(09) + 316.323.3(3-11) ა-13
100 _aაბაშმაძე, ვახტანგ
_926205
245 _aნარკვევები პოლიტიკურ მოძღვრებათა ისტორიიდან. წ. 1 :
_b მონათმფლობელური ეპოქა : ძველი აღმოსავლეთი /
_cვახტანგ აბაშმაძე ; რედ. ნ. ლომოური.
264 _aთბილისი :
_bთბილ. უნ-ტის გამ-ბა,
_c1975.
300 _a248 გვ. ;
_c23 სმ.
500 _aპარალ. სათ. რუს. და ინგლ. ენ.
520 _aრეზიუმე რუსულ და გერმანულ ენებზე
541 _h4 ლ.
653 _aნარკვევები პოლიტიკურ მოძღვრებათა ისტორიიდან
653 _aწ. 1 : მონათმფლობელური ეპოქა
653 _aძველი აღმოსავლეთი
700 _aლომოური, ნ.
_eრედაქტორი
_926206
942 _cBK
_2udc